| 000 | 00519nam a22001817a 4500 | ||
|---|---|---|---|
| 005 | 20231120044451.0 | ||
| 008 | 231120b |||||||| |||| 00| 0 eng d | ||
| 020 | _a0415078741 | ||
| 082 |
_222 _a305.401 _bROS |
||
| 100 | _aTong, Rosemarie. | ||
| 245 |
_aFeminist Thought : _bA Comprehensive Introduction / _cRosemarie, Tong. |
||
| 260 |
_aUnited Kingdom : _bWestview press, Inc, _c1989. |
||
| 300 | _axi, 305 p,: | ||
| 650 | _aFeminist theory. | ||
| 650 | _aWomen | ||
| 650 | _aVarieties of Feminist Thinking | ||
| 942 | _cL | ||
| 999 |
_c42 _d42 |
||